Saint Theresa and sleeping with strangers / (Record no. 15477)
[ view plain ]
| 000 -LEADER | |
|---|---|
| fixed length control field | 01329nam a22003377a 4500 |
| 003 - CONTROL NUMBER IDENTIFIER | |
| control field | EG-ScBUE |
| 005 - DATE AND TIME OF LATEST TRANSACTION | |
| control field | 20220307103723.0 |
| 008 - FIXED-LENGTH DATA ELEMENTS--GENERAL INFORMATION | |
| fixed length control field | 110530s2010 ua f 000 f1eeng d |
| 020 ## - INTERNATIONAL STANDARD BOOK NUMBER | |
| International Standard Book Number | 9774163400 |
| 020 ## - INTERNATIONAL STANDARD BOOK NUMBER | |
| International Standard Book Number | 9789774163401 |
| 040 ## - CATALOGING SOURCE | |
| Original cataloging agency | EG-ScBUE |
| Language of cataloging | eng |
| Description conventions | rda |
| Transcribing agency | EG-ScBUE |
| Modifying agency | EG-ScBUE |
| 041 1# - LANGUAGE CODE | |
| Language code of text/sound track or separate title | eng |
| Language code of original and/or intermediate translations of text | ara |
| 082 04 - DEWEY DECIMAL CLASSIFICATION NUMBER | |
| Edition number | 22 |
| Classification number | 892.736 |
| Item number | MEG |
| 100 1# - MAIN ENTRY--PERSONAL NAME | |
| 9 (RLIN) | 24471 |
| Personal name | ʻAbd al-Majīd, Bahāʼ, |
| Relator term | author. |
| 245 10 - TITLE STATEMENT | |
| Title | Saint Theresa and sleeping with strangers / |
| Statement of responsibility, etc | Bahaa Abdelmegid ; translated by Chip Rossetti. |
| 264 #1 - PUBLICATION, DISTRIBUTION, ETC. (IMPRINT) | |
| Place of publication, distribution, etc | Cairo : |
| Name of publisher, distributor, etc | The American University in Cairo Press, |
| Date of publication, distribution, etc | 2010. |
| 300 ## - PHYSICAL DESCRIPTION | |
| Extent | 203 pages ; |
| Dimensions | 21 cm. |
| 336 ## - CONTENT TYPE | |
| Source | rdacontent |
| Content type term | text |
| Content type code | txt |
| 337 ## - MEDIA TYPE | |
| Source | rdamedia |
| Media type term | unmediated |
| Media type code | n |
| 338 ## - CARRIER TYPE | |
| Source | rdacarrier |
| Carrier type term | volume |
| Carrier type code | nc |
| 490 0# - SERIES STATEMENT | |
| Series statement | Modern Arabic literature |
| 500 ## - GENERAL NOTE | |
| General note | Title on cover: Saint Theresa ; and, Sleeping with Strangers : Two Modern Novellas/ Translated by Chip Rossetti |
| 500 ## - GENERAL NOTE | |
| General note | Originally published in Arabic: 2001- 2005, Sant Tereza; al-Nawm ma' al-ghuraba' |
| 546 ## - LANGUAGE NOTE | |
| Language note | Text in English ; translated from the Arabic. |
| 650 #7 - SUBJECT ADDED ENTRY--TOPICAL TERM | |
| 9 (RLIN) | 19403 |
| Topical term or geographic name as entry element | Young women |
| Geographic subdivision | Egypt |
| Form subdivision | Fiction. |
| Source of heading or term | BUEsh |
| 651 #7 - SUBJECT ADDED ENTRY--GEOGRAPHIC NAME | |
| 9 (RLIN) | 24470 |
| Geographic name | Egypt |
| General subdivision | History |
| Chronological subdivision | 20th century |
| Form subdivision | Fiction. |
| Source of heading or term | BUEsh |
| 653 ## - INDEX TERM--UNCONTROLLED | |
| Arrived date list | May2011 |
| Resource For college | Arabic Literature |
| 655 ## - INDEX TERM--GENRE/FORM | |
| Genre/form data or focus term | Arabic fiction |
| Form subdivision | Reading book |
| 700 1# - ADDED ENTRY--PERSONAL NAME | |
| 9 (RLIN) | 24472 |
| Personal name | Rossetti, Chip |
| Relator term | translator. |
| 942 ## - ADDED ENTRY ELEMENTS (KOHA) | |
| Source of classification or shelving scheme | Dewey Decimal Classification |
| Koha item type | Book - Borrowing |
| Withdrawn status | Lost status | Source of classification or shelving scheme | Damaged status | Not for loan | Collection code | Home library | Current library | Shelving location | Date acquired | Source of acquisition | Cost, normal purchase price | Serial Enumeration / chronology | Total Checkouts | Total Renewals | Full call number | Barcode | Date last seen | Date checked out | Price effective from | Koha item type |
|---|---|---|---|---|---|---|---|---|---|---|---|---|---|---|---|---|---|---|---|---|
| Dewey Decimal Classification | Baccah | Central Library | Central Library | Second Floor | 30/05/2011 | 70.00 | 12339 | 1 | 2 | 892.736 MEG | 000023805 | 15/07/2025 | 11/04/2016 | 30/05/2011 | Book - Borrowing |